LEADER 00839nam a22002291i 4500 001 991000196629707536 005 20020920154908.0 008 020920s1969 uik|||||||||||||||||eng 035 $ab11972609-39ule_inst 035 $aARCHE-006240$9ExL 040 $aDip.to Filologia Ling. e Lett.$bita$cA.t.i. Arché s.c.r.l. Pandora Sicilia s.r.l. 100 1 $aFurst, Lilian Renée$0131726 245 10$aRomanticism /$cLilian R. Furst 260 $aLondon :$bMethuen,$c1969 300 $a84 p. ;$c19 cm 440 4$aThe critical idiom ;$v2 907 $a.b11972609$b02-04-14$c01-04-03 912 $a991000196629707536 945 $aLE008 FL.M. (IN) E 128$g1$i2008000303822$lle008$o-$pE0.00$q-$rl$s- $t0$u0$v0$w0$x0$y.i1225227x$z01-04-03 996 $aRomanticism$9136891 997 $aUNISALENTO 998 $ale008$b01-04-03$cm$da $e-$feng$guik$h0$i1 LEADER 02213nam0 22004693i 450 001 VAN00278606 005 20240910045044.599 017 70$2N$a9783031269790 100 $a20240626d2023 |0itac50 ba 101 $aeng 102 $aCH 105 $a|||| ||||| 200 1 $aHigh Dimensional Probability 9. : The Ethereal Volume$fRados?aw Adamczak ... [et al.] editors 210 $aCham$cBirkhäuser$cSpringer$d2023 215 $axiv, 440 p.$cill.$d24 cm 410 1$1001VAN00045578$12001 $aProgress in probability$1210 $aBasel [etc.]$cBirkhäuser$d1981-$v80 606 $a00B25$xProceedings of conferences of miscellaneous specific interest [MSC 2020]$3VANC020732$2MF 606 $a46E35$xSobolev spaces and other spaces of ?smooth? functions, embedding theorems, trace theorems [MSC 2020]$3VANC020009$2MF 606 $a60-XX$xProbability theory and stochastic processes [MSC 2020]$3VANC020428$2MF 606 $a60E15$xInequalities; stochastic orderings [MSC 2020]$3VANC021557$2MF 606 $a60F15$xStrong limit theorems [MSC 2020]$3VANC022478$2MF 610 $aConvexity inequality$9KW:K 610 $aCovariance$9KW:K 610 $aEntropic inequalities$9KW:K 610 $aHigh dimensional probability$9KW:K 610 $aHigh-dimensional statistics$9KW:K 610 $aIsoperimetric inequalities$9KW:K 610 $aLimit Theorems$9KW:K 610 $aOrlicz balls$9KW:K 610 $aRandom geometric graphs$9KW:K 610 $aStochastic processes$9KW:K 620 $aCH$dCham$3VANL001889 702 1$aAdamczak$bRados?aw$3VANV231177 712 $aSpringer $3VANV108073$4650 801 $aIT$bSOL$c20250314$gRICA 856 4 $uhttps://doi.org/10.1007/978-3-031-26979-0$zE-book ? Accesso al full-text attraverso riconoscimento IP di Ateneo, proxy e/o Shibboleth 899 $aBIBLIOTECA DEL DIPARTIMENTO DI MATEMATICA E FISICA$1IT-CE0120$2VAN08 912 $fN 912 $aVAN00278606 950 $aBIBLIOTECA DEL DIPARTIMENTO DI MATEMATICA E FISICA$d08DLOAD e-Book 9082 $e08eMF9082 20240702 996 $aHigh Dimensional Probability 9. : The Ethereal Volume$94168247 997 $aUNICAMPANIA